| 000 | 00640nam a2200241Ia 4500 | ||
|---|---|---|---|
| 003 | OSt | ||
| 005 | 20220918223423.0 | ||
| 006 | a|||||r|||| 00| 0 | ||
| 007 | ta | ||
| 008 | 220917b |||||||| |||| 00| 0 eng d | ||
| 024 | _a222,405 | ||
| 037 | _cTextual | ||
| 040 |
_aARTS _cARTS _beng |
||
| 041 |
_2eng _aeng |
||
| 082 | _aW:(R), P3 | ||
| 100 |
_aHamilton Lawrence A. _9145690 |
||
| 245 | 0 | _aPolitical philosophy of needs | |
| 260 |
_aU.K. _bCambridge Univ. press _c2003 |
||
| 300 |
_ax, 209p _ccm. |
||
| 650 | _aPOLITICAL SCIENCE | ||
| 942 |
_hW:(R), P3 _cTEXL _2CC |
||
| 999 |
_c278378 _d278378 |
||